| 000 | 00674nam a2200205 i 4500 | ||
|---|---|---|---|
| 001 | 61300 | ||
| 003 | ES-MaACL | ||
| 005 | 20250822062545.0 | ||
| 007 | t| | ||
| 008 | 031111s1977 sp a |||| | spa d | ||
| 245 | 0 | 4 |
_aLos extrasensoriales _b: calculadores prodigios : los superdotados : genio y locura / _cD. Anzieu ; [traducción: Federcio Gorbea]. |
| 260 |
_aBarcelona : _bEdiciones 29, _c[1977] |
||
| 300 |
_a283 p., 1 lám. : _bil. ; _c24 cm. |
||
| 650 | 4 |
_aPoderes psíquicos. _9149124 |
|
| 650 | 0 | 7 |
_aPsicología _2embne _916540 |
| 700 | 1 |
_aAnzieu, Didier. _9149125 |
|
| 700 | 1 |
_aGorbea, Federico. _959130 |
|
| 852 |
_aES-MaACL _jA-7317 |
||
| 999 |
_c61300 _d61300 |
||